LEADER 01393nam a2200289 i 4500 001 000000150982 003 CaOOAMICUS 005 20060619000000.0 008 060619s1998 it u000 u ita u 013 $a128320 020 $a88-7802-955-6 040 $aSeMil$bita 100 1 $aDilts, Robert B.$0(OLS)http://semarc/name/59438 240 10$aVisionary leadership skills.$0(OLS)http://semarc/title/220688 245 10$aLeadership e visione creativa :$bcome creare un mondo al quale le persone desiderino appartenere /$cRobert B. Dilts ; a cura di Giovanni Testa. 260 $aMilano :$bGuerini e Associati,$cCopyr. 1998. 300 $axxiii, 262 p. :$bill ;$c24 cm. 500 $aIn occhietto : ISVOR-FIAT. - Contiene : Appendici ; Bibliografia. 650 4$aLeadership.$0(OLS)http://semarc/subject/27963 650 4$aComando - Psicologia.$0(OLS)http://semarc/subject/29506 700 1 $aTesta, Giovanni.$0(OLS)http://semarc/name/59439 850 $aSeMil 852 $aSeMil$W1$xVenegono$y1$m2O V 53$j103037$B103037$CSeMilBibl$Z2$F112668 $81 961 $aOmaggio: Bressan don Luca 996 $6020$a88-7802-955-6$9(OLS)http://semarc/number/140470 996 $6245$aLeadership e visione creativa :$bcome creare un mondo al quale le persone desiderino appartenere$9(OLS)http://semarc/title/220687 996 $6260$aMilano :$bGuerini e Associati$9(OLS)http://semarc/publisher/31885 LEADER 01042nam a2200253 i 4500 001 000000066115 003 CaOOAMICUS 005 20250813143347.0 008 131105s1731 xx u000 u lat u 013 $a37287 026 $ausr- i-d. emt. mepa (3) 1731 (R) 040 $aSeMil$bita 100 1 $aTournely, Honoré,$d<1658-1729>.$0(OLS)http://semarc/name/12465 245 10$aDe incarnatione Verbi Divini. 300 $a[16], 432 p. 500 $aSegn.: a8 A-2D8. 650 4$aCristologia - De Verbo Incarnato.$0(OLS)http://semarc/subject/196 773 0 $aTournely, Honoré <1658-1729>$tPraelectiones theologicae ... quas in scholis Sorbonicis habuit Honoratus Tournely sacrae facultatis Parisiensis doctor ..$dVenetiis : Apud Nicolai Pezzana, 1728-1737.$w()27473 850 $aSeMil 852 $aSeMil$W1$xVenegono$y1$m2N III 26 FA$j32268$B32268$CSeMilBibl$Z2$F32271 $8I 941 1 $a10 961 $aRecupero: Mantegazza 996 $6245$aDe incarnatione Verbi Divini$9(OLS)http://semarc/title/105080